[Event "Chigorin Memorial 08th"]
[Site "St Petersburg"]
[Date "2000.11.10"]
[Round "9"]
[White "Schepelin, Anton"]
[Black "Grunina, Nina"]
[Result "1/2-1/2"]
[WhiteElo "2087"]
[BlackElo "2037"]
[PlyCount "73"]
[EventDate "2000.10.31"]
[EventType "swiss"]
[EventRounds "9"]
[EventCountry "RUS"]
[SourceTitle "EXT 2001"]
[Source "ChessBase"]
[SourceDate "2000.11.22"]
[SourceVersion "1"]
[SourceVersionDate "2000.11.22"]
[SourceQuality "1"]

1. e4 c5 2. c3 e6 3. f4 d5 4. e5 d4 5. d3 Nc6 6. Nf3 Nge7 7. c4 Nf5 8. Na3 a6 9. Nc2 b5 10. b3 Bb7 11. Be2 Be7 12. 0-0 h6 13. g4 Nh4 14. Nxh4 Bxh4 15. Bf3 b4 16. Qe2 Kd7 17. a3 a5 18. axb4 axb4 19. Bd2 Qc7 20. Rfb1 Rhe8 21. Ne1 Bxe1 22. Bxe1 Ne7 23. Bg3 Bxf3 24. Qxf3 Qc6 25. Kf2 Qxf3+ 26. Kxf3 Nc6 27. Be1 Kc7 28. Ke2 f6 29. Bd2 Kb7 30. exf6 gxf6 31. g5 f5 32. Rxa8 Kxa8 33. Rg1 Rg8 34. h4 h5 35. Kf3 Rg6 36. Ra1+ Kb7 37. Be1 1/2-1/2